| 000 | 00000nam 2200000za 4500 |
| 001 | 9.841610 |
| 003 | CaOODSP |
| 005 | 20221107152129 |
| 007 | cr ||||||||||| |
| 008 | 170814s2017 onc #oz f000 0 eng d |
| 020 | |a978-0-660-09337-6 |
| 040 | |aCaOODSP|beng |
| 041 | |aeng|afre |
| 043 | |an-cn--- |
| 086 | 1 |aFR4-2017/20-PDF |
| 245 | 00|aFisheries - Amendment to the Convention on Future Multilateral Cooperation in the Northwest Atlantic Fisheries |h[electronic resource] = |bPêches - Amendement à la Convention sur la future coopération multilatérale dans les pêches de l'Atlantique du Nord-Ouest |
| 246 | 11|aPêches - Amendement à la Convention sur la future coopération multilatérale dans les pêches de l'Atlantique du Nord-Ouest |
| 260 | |a[Ottawa] : |bTreaty Law Division of the Department of Foreign Affairs, Trade and Development = Direction du droit des traités du ministère des Affaires étrangères, du commerce et du développement, |cc2017. |
| 300 | |a37, 37 p. |
| 490 | 1 |aTreaty series = Recueil des traités ; |v2017/20 |
| 500 | |a"Adopted at Lisbon on 28 September 2007, In Force 18 May 2017, In Force for Canada: 18 May 2017." |
| 500 | |aAlternate pages have duplicate numbering. |
| 520 | |aPresents the articles that the Contracting Parties to the Convention on Future Multilateral Cooperation in the Northwest Atlantic Fisheries have agreed upon. |
| 546 | |aText in English and French. |
| 692 | 07|2gccst|aInternational agreements |
| 692 | 07|2gccst|aFisheries management |
| 692 | 07|2gccst|aMultilateral agreements |
| 710 | 1 |aCanada. |bGlobal Affairs Canada. |bTreaty Law Division. |
| 792 | |tFisheries - Amendment to the Convention on Future Multilateral Cooperation in the Northwest Atlantic Fisheries |efre|w(CaOODSP)9.841613 |
| 830 | #0|aCanada treaty series ;|v2017/20.|w(CaOODSP)9.811730 |
| 856 | 40|qPDF|s668 KB|uhttps://publications.gc.ca/collections/collection_2017/amc-gac/FR4-2017-20.pdf |